000 00725nam a2200193Ia 4500
003 GCL
008 140319s9999 xx 000 0 ara d
040 _aGCL /
_cGCL
082 0 4 _a338
_bف ا
100 1 _aفلاح سعيد جبر
245 1 0 _aانعكاسات العولمة وتحرير التجارة على الصناعة العربية /
_cفلاح سعيد جبر
260 _aالقاهرة :
_bالمنظمة العربية للتنمية الادارية ،
_c2001
300 _a130 ص ؛
_c24 سم
650 0 4 _aالتكنولوجيا
650 0 4 _aمنظمة التجارة العالمية
650 0 4 _aالصناعة - اقتصاديات
650 0 4 _aالعولمة - الصناعة
942 _2ddc
_cBK
999 _c5567
_d5567